Представление документа в формате MARC21

Поле Инд. ПП Название Значение
Тип записи a
Библиографический уровень a
001 Контрольный номер RU/IS/BASE/264552122
005 Дата корректировки 20240304091309.0
008 Кодируемые данные 19981014
040 00 e Правила каталог. Т 981014
084 a Индекс другой классификации/Индекс ББК 63.3(2)32
090 00 a Полочн. индекс 63.3(0)3я43
x Авторский знак В 387
100 10 a Автор Граков Б. Н.
245 00 a Заглавие Материалы по истории Скифии в греческих надписях Балканского полуострова и Малой Азии
b Продолж. заглавия посвящается Николаю Ивановичу Новосадскому в день его восьмидесятилетия
650 04 a Основная рубрика история
653 00 a Ключевые слова античность
a Ключевые слова Афинский союз
a Ключевые слова Балканский полуостров
a Ключевые слова Боспорское царство
a Ключевые слова войны
a Ключевые слова города
a Ключевые слова Делос
a Ключевые слова Дельфы
a Ключевые слова древний мир
a Ключевые слова законодательные тексты
a Ключевые слова исследования
a Ключевые слова Лесбос
a Ключевые слова Малая Азия
a Ключевые слова Милет
a Ключевые слова надписи
a Ключевые слова перевод
a Ключевые слова правители
a Ключевые слова Причерноморье
a Ключевые слова Скифия
a Ключевые слова тексты
a Ключевые слова Фракия
a Ключевые слова храмовые тексты
a Ключевые слова эллинизм
a Ключевые слова эпиграфика
a Ключевые слова эпиграфические материалы
773 00 d Дата издания источника Москва, 1939
g Прочая информация Т.3(8), 4(9). - С. 231-309
t Заглавие источника Вестник древней истории
w Контрольный № источника RU/IS/BASE/101818640
901 t Тип документа a